• 首页
  • 本馆介绍
  • 公告通知
  • 最新文献
  • 馆藏检索
  • 电子资源
  • 读者导购
  • 参考咨询
  • 我的图书馆
  • 登录
  • 详细信息显示
  • 放入我的书架
  • 预约/预借图书
  • 作者相关作品
  • 分类相关作品
  • 丛书相关作品
  • 出版社相关作品

书目信息

  • 表格格式
  • 工作单格式
  • 卡片格式
题名:
呐喊
    
 
作者: 鲁迅 著
分册:  
出版信息: 北京   人民文学出版社  1979
页数: 150页
开本: 19cm
丛书名: 百种爱国主义教育图书
单 册:
中图分类: I210.6
科图分类:
主题词: 鲁迅小说--中国
电子资源:
ISBN: 7-02-002477-7
000 00685nam2 2200241 45
001 0197029346
005 20050404093314.2
010    @a7-02-002477-7@dCNY5.60
100    @a19970916e19971979em y0chiy0121 ea
101 0  @achi
102    @aCN@b110000
105    @ay z 000ay
200 10 @a呐喊@Ana han@f鲁迅著@FLu Xun Zhu
210    @a北京@c人民文学出版社@d1979@h1997重印
215    @a150页@d19cm
225 2  @a百种爱国主义教育图书
300    @a中宣部·国家教委·文化部·新闻出版署·团中央联合推荐
410  0 @120010@a百种爱国主义教育图书
606    @a鲁迅小说@x中国
690    @aI210.6@v3
701  0 @a鲁迅@4著
801  0 @aCN@bNLC@c19971007
905    @dI210.6@e10@b284085-086@f2
    
    呐喊/鲁迅著.-北京:人民文学出版社,1979(1997重印)
    150页;19cm.-(百种爱国主义教育图书)
    中宣部·国家教委·文化部·新闻出版署·团中央联合推荐
    
    ISBN 7-02-002477-7:CNY5.60
    
●
相关链接 在E读中查询图书 在五车中查询图书 在当当中查询图书 在豆瓣中查询图书


正题名:呐喊     索取号:I210.6/10         预约/预借

序号 登录号 条形码 馆藏地/架位号 状态 备注
1 0284078   002840787   第二借阅区/ [索取号:I210.6/10] 在馆    
2 0284079   002840796   第二借阅区/ [索取号:I210.6/10] 在馆    
3 0284080   002840803   第二借阅区/ [索取号:I210.6/10] 在馆    
4 0284081   002840812   第二借阅区/ [索取号:I210.6/10] 在馆    
5 0284082   002840821   第二借阅区/ [索取号:I210.6/10] 在馆    
6 0284083   002840830   第二借阅区/ [索取号:I210.6/10] 在馆    
7 0284084   002840849   第二借阅区/ [索取号:I210.6/10] 在馆    
8 0284085   002840858   第二借阅区/ [索取号:I210.6/10] 在馆    
9 0284086   002840867   第二借阅区/ [索取号:I210.6/10] 在馆    
10 0284087   002840876   第二借阅区/ [索取号:I210.6/10] 在馆    
唐山师范学院图书馆 欢迎您!
大连网信软件有限公司© 版权所有